|
|
|
|
| LEADER |
00000nam0a2200000 4500 |
| 001 |
304462 |
| 005 |
20231102001713.0 |
| 010 |
|
|
|a 9785392180004
|
| 035 |
|
|
|a (RuTPU)RU\TPU\book\329709
|
| 035 |
|
|
|a RU\TPU\book\199264
|
| 090 |
|
|
|a 304462
|
| 100 |
|
|
|a 20100823d2015 m y0rusy50 ca
|
| 101 |
0 |
|
|a rus
|
| 102 |
|
|
|a RU
|
| 105 |
|
|
|a y j 001zy
|
| 200 |
1 |
|
|a Правоведение
|e учебник
|f М. Н. Марченко, Е. М. Дерябина
|g Московский государственный университет им. М. В. Ломоносова (МГУ). Юридический факультет
|
| 205 |
|
|
|a 3-е изд., перераб. и доп.
|
| 210 |
|
|
|a Москва
|c Проспект
|d 2015
|
| 215 |
|
|
|a 640 с.
|
| 320 |
|
|
|a Библиография в примечаниях.
|
| 330 |
|
|
|a Учебник подготовлен в строгом соответствии с государственным общеобразовательным стандартом по курсу «Правоведение» для студентов неюридических вузов.
|
| 606 |
1 |
|
|a Правоведение
|2 stltpush
|3 (RuTPU)RU\TPU\subj\67407
|9 83220
|
| 610 |
1 |
|
|a право
|
| 610 |
1 |
|
|a социальные нормы
|
| 610 |
1 |
|
|a мораль
|
| 610 |
1 |
|
|a нормы права
|
| 610 |
1 |
|
|a правовые отношения
|
| 610 |
1 |
|
|a правотворчество
|
| 610 |
1 |
|
|a правонарушения
|
| 610 |
1 |
|
|a юридическая ответственность
|
| 610 |
1 |
|
|a государство
|
| 610 |
1 |
|
|a Конституция
|
| 610 |
1 |
|
|a Российская Федерация
|
| 610 |
1 |
|
|a государственное устройство
|
| 610 |
1 |
|
|a избирательная система
|
| 610 |
1 |
|
|a законодательная власть
|
| 610 |
1 |
|
|a Федеральное Собрание
|
| 610 |
1 |
|
|a исполнительная власть
|
| 610 |
1 |
|
|a судебная власть
|
| 610 |
1 |
|
|a суды
|
| 610 |
1 |
|
|a гражданское право
|
| 610 |
1 |
|
|a право собственности
|
| 610 |
1 |
|
|a вещные права
|
| 610 |
1 |
|
|a обязательства
|
| 610 |
1 |
|
|a трудовое право
|
| 610 |
1 |
|
|a трудовые правоотношения
|
| 610 |
1 |
|
|a социальное партнерство
|
| 610 |
1 |
|
|a трудовые споры
|
| 610 |
1 |
|
|a государственный контроль
|
| 610 |
1 |
|
|a административное право
|
| 610 |
1 |
|
|a семейное право
|
| 610 |
1 |
|
|a алиментные обязательства
|
| 610 |
1 |
|
|a экологическое право
|
| 610 |
1 |
|
|a окружающая среда
|
| 610 |
1 |
|
|a земельное право
|
| 610 |
1 |
|
|a уголовное право
|
| 610 |
1 |
|
|a преступления
|
| 610 |
1 |
|
|a наказание
|
| 610 |
1 |
|
|a общественная безопасность
|
| 610 |
1 |
|
|a экономические преступления
|
| 610 |
1 |
|
|a гражданское процессуальное право
|
| 610 |
1 |
|
|a судопроизводство
|
| 610 |
1 |
|
|a уголовное процессуальное право
|
| 610 |
1 |
|
|a уголовное судопроизводство
|
| 610 |
1 |
|
|a учебники
|
| 610 |
1 |
|
|a охрана
|
| 686 |
|
|
|a Х620я73
|v LBC/SL-A
|2 rubbk
|
| 700 |
|
1 |
|a Марченко
|b М. Н.
|g Михаил Николаевич
|
| 701 |
|
1 |
|a Дерябина
|b Е. М.
|g Елена Михайловна
|
| 712 |
0 |
2 |
|a Московский государственный университет им. М. В. Ломоносова (МГУ)
|b Юридический факультет
|2 stltpush
|3 (RuTPU)RU\TPU\col\7
|
| 801 |
|
1 |
|a RU
|b 63413507
|c 20150914
|
| 801 |
|
2 |
|a RU
|b 63413507
|c 20170317
|g RCR
|
| 900 |
|
|
|a Правоведение
|
| 942 |
|
|
|c BK
|
| 959 |
|
|
|a 116/20150914
|d 10
|e 600,00
|f ЧЗГЛ:1
|f УФ:9
|